Vāl̲viyal pal̲amol̲ikaḷ. (Record no. 85635)

MARC details
000 -LEADER
fixed length control field 00557cam a22002291 4500
001 - CONTROL NUMBER
control field sa 68014232
003 - CONTROL NUMBER IDENTIFIER
control field DLC
005 - DATE AND TIME OF LATEST TRANSACTION
control field 20260227112629.0
008 - FIXED-LENGTH DATA ELEMENTS--GENERAL INFORMATION
fixed length control field 950222s1967 ii 000 0 tamo
010 ## - LIBRARY OF CONGRESS CONTROL NUMBER
LC control number sa 68014232
025 ## - OVERSEAS ACQUISITION NUMBER
Overseas acquisition number PL480:I-T-2084
035 ## - SYSTEM CONTROL NUMBER
System control number (OCoLC)32036255
040 ## - CATALOGING SOURCE
Original cataloging agency DLC
Transcribing agency CU
Modifying agency CU
-- DLC
042 ## - AUTHENTICATION CODE
Authentication code premarc
050 00 - LIBRARY OF CONGRESS CALL NUMBER
Classification number PN6519.T3
Item number L4
100 1# - MAIN ENTRY--PERSONAL NAME
Personal name Leṭcumaṇan̲, K. S.
245 10 - TITLE STATEMENT
Title Vāl̲viyal pal̲amol̲ikaḷ.
260 ## - PUBLICATION, DISTRIBUTION, ETC.
Date of publication, distribution, etc. [1967]
300 ## - PHYSICAL DESCRIPTION
Extent 212 p.
Dimensions 18 cm.
500 ## - GENERAL NOTE
General note In Tamil.
650 #0 - SUBJECT ADDED ENTRY--TOPICAL TERM
Topical term or geographic name entry element Proverbs, Tamil.

No items available.

Powered by Koha